000 01634nam0a2200397 4500
001 RU\NLR\BIBL_A\012227025
005 20200305142515.0
010 _a978-5-6040043-3-3
_9200
021 _aRU
_bКН-П-19-103866
_9КН-П-19-7658
035 _a(NLR Aleph) 012227025
035 _a(RuMoRGB)010222700
090 _a10964344
_c10964344
100 _a20200221d2020 u y0rusy50 ca
101 1 _arus
_ceng
102 _aRU
105 _aa zzzz0|||yz
181 0 _ai
_baxxe
182 0 _an
200 1 _aВязание на спицах для чайников
_e[перевод с английского]
_fПэм Аллен
_gпредисловие Триши Малкольм
203 _aТекст
_bвизуальный
_cнепосредственный
210 _aМосква
_aСанкт-Петербург
_cДиалектика
_d2020
215 _a298 с.
_cил.
_d24
225 1 _aВедь это так просто!
225 1 _a...для чайников
_d...for dummies
_eсерия популярных книг от Диалектики
_zeng
300 _aЗагл. и авт. ориг.: Knitting for dummies by Pam Allen
300 _aНа обл. авт.: дизайнер трикотажа Пэм Аллен
320 _aПредм. указ.: с. 295-298
454 0 _12001#$aKnitting for dummies
_1700#1$aAllen$bP.$gPam
606 1 _aВязание спицами
_2nlr_sh2
_3RU\NLR\AUTH\661569003
686 1 _aМ483
700 1 _aАллен
_bП.
_gПэм
942 _cBOOK
980 _aNBR
980 _aNB